000 01095nam a2200157 4500
999 _c3951
_d3951
020 _a97809076561
050 _aKF889.3
_b.ELL
100 _aHarrison Tom, Ellison John, Bedingfield Jim.
245 _aBusiness law:
250 _a3rd ed.
260 _aGreat Britain:
_bBusiness Education publishers limited;
_c1994.
300 _avi, 702 p.:
_bill;
_c26 cm.
500 _aIncludes index.
505 _aChapter 1. An introduction to business law Chapter 2. Parliamentary law making and European community law Chapter 3. The resolution of business dispute Chapter 4. The legal relationships in Business Chapter 5. Establishing business organisations Chapter 6. The dissolution of business organisations Chapter 7. Contractual Formation Chapter 8. The contract: its validity and discharge Chapter 9. Business contracting Chapter 10. Consumer protection Chapter 11. Consumer protection Chapter 12. Law relating to the recruitment of staff Chapter 13. Law relating to the workplace Chapter 14. The law relating to the Termination of employment Chapter 15. Business property
942 _cBK